ՀՀ Գիտությունների ազգային ակադեմիայի հիմնարար գիտական գրադարան  =   Fundamental Scientific Library of NAS RA

Ես հողինն եմ՝ մաղով անցած : (Record no. 196238)

MARC details
000 -LEADER
fixed length control field 01373nam a2200253 a 4500
001 - CONTROL NUMBER
control field 000529029
003 - CONTROL NUMBER IDENTIFIER
control field AM-YeHGA
005 - DATE AND TIME OF LATEST TRANSACTION
control field 20260406124627.0
008 - FIXED-LENGTH DATA ELEMENTS--GENERAL INFORMATION
fixed length control field 070329s2007 ai |||||||||||||||0|arm|d
020 ## - INTERNATIONAL STANDARD BOOK NUMBER
International Standard Book Number 9789993010937
040 ## - CATALOGING SOURCE
Original cataloging agency AM-YeHGA
041 1# - LANGUAGE CODE
Language code of text/sound track or separate title arm
Language code of original eng
100 1# - MAIN ENTRY--PERSONAL NAME
Personal name Օչիրովա, Ալեքսանդրա
245 10 - TITLE STATEMENT
Title Ես հողինն եմ՝ մաղով անցած :
Remainder of title [Բանաստեղծություններ] /
Statement of responsibility, etc. Ա. Օչիրովա ; Առաջաբ.՝ Զ. Բալայան ; Առաջաբ. և թարգմ.՝ Հ. Բեյլերյան ; Խմբ.՝ Ա. Մկրտչյան ; Հայաստանի հետ բարեկամութ. և համագործակցութ. ռուսաստանյան ընկ.
246 11 - VARYING FORM OF TITLE
Title proper/short title Я на намоленной земле
260 ## - PUBLICATION, DISTRIBUTION, ETC.
Place of publication, distribution, etc. Երևան :
Name of publisher, distributor, etc. Ամարաս,
Date of publication, distribution, etc. 2007.
300 ## - PHYSICAL DESCRIPTION
Extent VIII, 175 էջ :
Other physical details 1 թ. դիմանկ. ;
Dimensions 20 սմ.
650 14 - SUBJECT ADDED ENTRY--TOPICAL TERM
Topical term or geographic name entry element Ռուս գրականություն
General subdivision Պոեզիա
700 1# - ADDED ENTRY--PERSONAL NAME
Personal name Բալայան, Զորի Հայկի,
Dates associated with a name 1935-2026
Relator term առաջաբ.
Relationship aui
9 (RLIN) 1491
700 1# - ADDED ENTRY--PERSONAL NAME
Personal name Բեյլերյան, Հրաչյա Հայկի,
Dates associated with a name 1952-2013
Relator term առաջաբ., թարգմ.
Relationship aui
-- trl
9 (RLIN) 2792
700 1# - ADDED ENTRY--PERSONAL NAME
Personal name Մկրտչյան, Աղասի
Relator term խմբ.
Relationship edt
710 2# - ADDED ENTRY--CORPORATE NAME
Corporate name or jurisdiction name as entry element Հայաստանի հետ բարեկամության և համագործակցության ռուսասատանյան ընկերություն
942 ## - ADDED ENTRY ELEMENTS (KOHA)
Source of classification or shelving scheme Universal Decimal Classification
Koha item type Գրքեր / Books
Holdings
Withdrawn status Lost status Damaged status Not for loan Collection Home library Current library Date acquired Cost, normal purchase price Shelving control number Total checkouts Full call number Barcode Date last seen Price effective from Koha item type Public note
        General Fundamental Scientific Library Fundamental Scientific Library 28/12/2016 850.00     AII/92518 220092518 28/12/2016 28/12/2016 Գրքեր / Books 30 Days Loan
        General Fundamental Scientific Library Fundamental Scientific Library 28/12/2016 850.00     AII/92211 220092211 28/12/2016 28/12/2016 Գրքեր / Books 30 Days Loan
        General Fundamental Scientific Library Fundamental Scientific Library 28/12/2016 850.00     AII/92212 220092212 28/12/2016 28/12/2016 Գրքեր / Books 30 Days Loan


ՀՀ ԳԱԱ հիմնարար գիտական գրադարան
ՀՀ,Երևան 0019
Մարշալ Բաղրամյան 24/6
հեռախոս:(374-10) 52-47-50
Հետադարձ կապ

All site content, except where otherwise noted, is licensed under a
Creative Commons License